000 00551nam a2200145 a 4500
008 120416s2000 ||||||||||||||||| || u
050 _aQP 251 New
100 _aNewton, Nancy
245 1 0 _aApplying best practices to youth reproductive health
260 _aArlington
_bSEAT
_c2000
350 _a0.00
650 _aHEALTH
650 _aReproductive health--Cross-cultural studies
995 _D0.00
_FCBU-MAIN LIBRARY (Kitwe)
_H1
_I25.00
_M1
_UAVAILABLE
_WMar 21, 2007
_ZAnnex Low-Usage Collection
999 _c34623
_d34623